Por los valores espirituales

Uloženo v:
Podrobná bibliografie
Hlavní autor: Molina Garmendia, Enrique (autor)
Médium: Kniha
Jazyk:španělština
Vydáno: Santiago Nascimento 1938
Vydání:2a. ed
Edice:Biblioteca Selecta Nascimento, 38
Témata:
Tagy: Přidat tag
Žádné tagy, Buďte první, kdo vytvoří štítek k tomuto záznamu!

MARC

LEADER 00000nam a2200000 a 4500
001 UCW6183
003 CL-VaPUC
008 911029e19380000CL |||||||||||||||||spa|d
082 0 4 |a 370.114  |b MOL  |2 21 
100 |a Molina Garmendia, Enrique  |e autor  |9 309095 
245 1 0 |a Por los valores espirituales 
250 |a 2a. ed 
300 |a 292 p 
942 |c BK 
945 |d 19911029 00:00:00 
260 |a Santiago  |b Nascimento  |c 1938 
650 0 |a Valores  |9 309628 
650 0 |a Filosofía   |9 223554 
650 0 |a Educación moral  |9 308319 
650 0 |a Vida espiritual  |9 307811 
583 |a last modification  |c 19911029 00:00:00  |k Rodrigo Vera 
490 0 |a Biblioteca Selecta Nascimento, 38 
999 |c 219339  |d 219337 
952 |0 0  |1 0  |4 0  |6 370_114000000000000_MOL_1938  |7 0  |8 P  |9 210146  |a BIBEDU  |b BIBEDU  |c BIBEDU_PB  |d 2019-11-15  |i 2782286  |o 370.114 MOL 1938  |p 2782286  |r 2024-01-25  |w 2019-11-15  |y BK  |k EDU